000 00329pab a2200145 454500
008 180718b2007 xxu||||| |||| 00| 0 eng d
100 _aMason, Mark
245 _aCommunity responses to local drug use
260 _c2007
300 _ap.306-18.
650 _aDrugs
773 _aPolice Journal
908 _aN
909 _a77419
999 _c77419
_d77419